बलिदानी गौरव गाथाएँ / (Record no. 57158)

MARC details
000 -LEADER
fixed length control field 01111nam a22002657a 4500
005 - DATE AND TIME OF LATEST TRANSACTION
control field 2010101908158.0
008 - FIXED-LENGTH DATA ELEMENTS--GENERAL INFORMATION
fixed length control field 101019t xxu||||| |||| 00| 0 hin d
010 ## - LCCN (DPL NO)
LC control number HIN-94100
020 ## - INTERNATIONAL STANDARD BOOK NUMBER
Terms of availability 400.00
International Standard Book Number 9788177113310
035 ## - SYSTEM CONTROL NUMBER
System control number HN-66446
037 ## - SOURCE OF ACQUISITION
Source of stock number/acquisition DBAD / PUB
040 ## - CATALOGING SOURCE
Original cataloging agency DPL
Language of cataloging HN
082 ## - DEWEY DECIMAL CLASSIFICATION NUMBER
Classification number 920
100 ## - MAIN ENTRY--PERSONAL NAME
9 (RLIN) 23632
Personal name पाण्डेय,रमाकान्त 'अकेले'
245 ## - TITLE STATEMENT
Title बलिदानी गौरव गाथाएँ /
Statement of responsibility, etc रमाकान्त पाण्डेय 'अकेले'
260 ## - PUBLICATION, DISTRIBUTION, ETC. (IMPRINT)
Place of publication, distribution, etc जयपुर
Name of publisher, distributor, etc साहित्यागार
Date of publication, distribution, etc 2012
270 ## - ADDRESS
Address धामाणी मार्केट की गली, चौडा़ रास्ता
City जयपुर
Telephone number 0141-2310785
300 1# - PHYSICAL DESCRIPTION
Extent 263पृ.
Dimensions 22सेमी (सजिल्द)
650 ## - SUBJECT ADDED ENTRY--TOPICAL TERM
9 (RLIN) 657
650 ## - SUBJECT ADDED ENTRY--TOPICAL TERM
9 (RLIN) 34273
700 ## - ADDED ENTRY--PERSONAL NAME
9 (RLIN) 34278
710 ## - ADDED ENTRY--CORPORATE NAME
9 (RLIN) 34811
942 ## - ADDED ENTRY ELEMENTS (KOHA)
Source of classification or shelving scheme Dewey Decimal Classification
Item type Hindi Books
Classification part 920
Call number suffix पाण्डेय
Holdings
Withdrawn status Lost status Source of classification or shelving scheme Damaged status Not for loan Collection code Home library Current library Date acquired Source of acquisition Cost, normal purchase price Total Checkouts Full call number Barcode Date last seen Copy number Cost, replacement price Koha item type
    Dewey Decimal Classification   Not For Loan Non-fiction D.B.Act.Division D.B.Act.Division 29/09/2011 DBAD/PUB 400.00   920 पाण्डेय HN-66446 29/09/2011 1 400.00 Hindi Books

© Delhi Public Library
Hit Counter
free hit counter